"Random Rules" - Silver Jews Lyrics - Statistics

General Stats
  • This quiz has been taken 49 times
  • The average score is 200 of 258
Answer Stats
Lyrics % Correct
a
100%
I
100%
random
100%
rules
100%
we
100%
when
100%
you
100%
and
95%
And
95%
me
95%
so
95%
So
95%
the
95%
they
95%
to
95%
To
95%
1984
90%
approaching
90%
But
90%
can
90%
for
90%
hospitalized
90%
In
90%
in
90%
it
90%
like
90%
make
90%
my
90%
no
90%
No
90%
not
90%
perfection
90%
was
90%
way
90%
why
90%
had
85%
know
85%
line
85%
said
85%
your
85%
across
80%
all
80%
baby
80%
back
80%
can't
80%
correction
80%
dance
80%
Europe
80%
hands
80%
He
80%
screwing
80%
shake
80%
Slowly
80%
smokin'
80%
there's
80%
what
80%
ask
75%
asked
75%
cool
75%
deer
75%
democratic
75%
digital
75%
everything
75%
guidance
75%
if
75%
infrared
75%
of
75%
room
75%
that
75%
them
75%
who
75%
are
70%
because
70%
bed
70%
black
70%
bring
70%
Broken
70%
change
70%
down
70%
fact
70%
go
70%
highway
70%
leave
70%
linger
70%
off
70%
painter
70%
people
70%
promise
70%
roads
70%
share
70%
used
70%
walked
70%
want
70%
where
70%
wrong
70%
been
65%
colored
65%
crossed
65%
don't
65%
finger
65%
got
65%
halls
65%
has
65%
it's
65%
I've
65%
lifted
65%
look
65%
lot
65%
Maybe
65%
men's
65%
rivers
65%
snake
65%
someone
65%
Steve
65%
tell
65%
turned
65%
walls
65%
Yeah
65%
left
60%
on
60%
ring
60%
tan
60%
up
60%
will
60%
live
55%
nothing
55%
plunge
55%
say
55%
that's
55%
two
55%
about
50%
before
50%
Boy
50%
scared
50%
gotta
45%
Oh
45%
oh
45%
have
40%
lives
40%
one
40%
should
40%
tonight
40%
dear
35%
give
35%
Honey
35%
middle
35%
names
35%
low
30%
right
30%
Now
25%
we've
25%
No matching quizzes found
Score Distribution
Percent of People with Each Score
Percentile by Number Answered
Your Score History
You have not taken this quiz